Регионална библиотека "Любен Каравелов" - Русе

"Хаджи Димитър" на Ботев (Запис номер 10766)

MARC детайли
000 -Лидер
Контролно поле с фиксирана дължина 01658nam a2200373 c 4500
003 - Код на организацията, давaща контролен номер
Контролно поле BLK
005 - Дата и час на последна редакция
Контролно поле 20250225005538.0
008 - Елементи от данни с фиксирана дължина
fixed length control field 180412b bul|||||r ||||||| ||bul||
010 ## - Наследен системен номер
LC control number KNG00012276000
020 ## - Международен стандартен номер на книга ISBN
Международен стандартен номер на книга ISBN 954-07-0890-7
-- издат.: Унив. изд. Св. Климент Охридски
040 ## - Източник на каталожния запис
Идентификатор на билиотеката - собственик на записа BLK
041 ## - Код за език
Код за езика на текст/звукозапис или на отделно заглавие Български
Код за езика КДБФ Български
080 ## - УДК
Текстов определител УДК Българска литература
УДК код - определител по УДК 821.163.2
УДК определител (092)
УДК - код + определител 821.163.2(092)
080 ## - УДК
Текстов определител УДК Българска литература
УДК код - определител по УДК 821.163.2
УДК определител -1.01
УДК - код + определител 821.163.2-1.01
080 ## - УДК
Текстов определител УДК Христо Ботьов Петков, български национален герой, революционер, поет и публицист
УДК код - определител по УДК 929 Ботев, Христо
УДК определител
УДК - код + определител 929 Ботев, Христо
100 1# - Редна дума - Автор
Автор Бумбалов, Любен Стоянов
Авторска отговорност първи автор
R(LIN) 364425
139 ## - Редно поле
Редна дума Бумбалов, Любен Стоянов
Авторски знак Бук - Б 85
245 10 - Сведения за заглавието
Заглавие "Хаджи Димитър" на Ботев
Подзаглавни данни Феноменология на бълг. душевност
Редно поле (дума) Любен Стоянов Бумбалов.
257 ## - Страна на издаване
Страна на създаване/издаване България
260 ## - Област на издателските данни
-- София
Име на издателя, разпространителя и проч. Унив. изд. Св. Климент Охридски
Година на издаване 1996
300 ## - Физическа характеристика
Страници 276 с.
Размери/Мащаб 21 см
380 ## - Жанр
Жанр Литературознание
500 ## - Общи забележки
Забележка 465 тир.
650 #4 - Допълнително описание по предмет – тема
Основно описание – тема или топоним Лирика, българска - анализ
9 (RLIN) 250253
650 #4 - Допълнително описание по предмет – тема
Основно описание – тема или топоним Поети, български
9 (RLIN) 241945
653 ## - Ключова дума – ненормативна
Ключова дума Христо Ботев
653 ## - Ключова дума – ненормативна
Ключова дума български поети
852 ## - Местоположение
Форматна сигнатура Цб 188884
856 4# - Електронен адрес и достъп
Електронен формат pdf - файл
Път до файла /url/
856 4# - Електронен адрес и достъп
Електронен формат pdf - файл
Път до файла /url/
942 ## - АРТИКУЛИ
Вид на библиотечния материал Книги
Скрит в OPAC Не
944 ## - СЪЗДАВАНЕ И РЕДАКЦИЯ на ЗАПИСА
Създаване/Редакция Създаване
Дата на регистрацията/редакция 13.02.2003
Служител, извършил регистрацията/редакцията
Статус, дата на статуса CRON CRON
944 ## - СЪЗДАВАНЕ И РЕДАКЦИЯ на ЗАПИСА
Създаване/Редакция Редакция
Дата на регистрацията/редакция 24.10.2005
Служител, извършил регистрацията/редакцията
999 ## - СИСТЕМНИ КОНТРОЛНИ НОМЕРА
Koha biblionumber 10766
Koha biblioitemnumber 10766
Наличности
Код за отписване Код за изгубен артикул Източник на класификационната схема Код за повреда Коз за рестрикции Код за отдаване Артикулен № Име на библиотеката - собственик Име на библиотеката, в която се намира в момента Статус (Текущо местоположение) Дата на вписване в системата Местоположение - отдел Цена в лева Инвентарен номер Систематично азбучна сигнатура Баркод Номер на екземпляра Цена в евро Служебна бележка Служебен тип на артикула
Изтеглен Не е изгубен Universal Decimal Classification Не е повреден без рестрикции заемане за дома 18674 Регионална библиотека "Любен Каравелов" Русе Регионална библиотека "Любен Каравелов" Русе Заемна - подръчен фонд 2001-01-01 Заемна - подръчен фонд 1.80 621335 П 886.7(092)/Б 70 621335 1 0.92 Дата: 01.01.1996 Книги
  Не е изгубен Universal Decimal Classification Не е повреден без рестрикции ползва се в читалня 18675 Регионална библиотека "Любен Каравелов" Русе Регионална библиотека "Любен Каравелов" Русе Читалня 2001-01-01 Читалня 1.80 621336 Ч 821.163.2.09(092)/Б 70 120000621336 2 0.92 Дата: 01.01.1996 Дата инв: 27.03.2017 Бележки инв: Ч2017 Книги
  Не е изгубен Universal Decimal Classification Не е повреден без рестрикции ползва се в читалня 18676 Регионална библиотека "Любен Каравелов" Русе Регионална библиотека "Любен Каравелов" Русе Хранилище 2001-01-01 Хранилище 1.80 622541 Цб 188884 120000622541 3 0.92 N: 16 Дата: 01.01.1996 Книги
Vip Innovations Ltd, Rousse, Bulgaria 2025